| 000 | 00000nam##2200000za#4500 |
| 001 | 9.622618 |
| 003 | CaOODSP |
| 005 | 20220405154830 |
| 007 | ta |
| 008 | 150406|1993||||xxc||||| f|0| 0 fre|d |
| 022 | |a0226-4579 |
| 040 | |aCaOODSP|bfre |
| 043 | |an-cn--- |
| 086 | 1 |aP29-072-011-1993F |
| 110 | 2 |aOffice des normes générales du Canada. |
| 245 | 10|aMicrofilms et image électroniques: preuve documentaire |
| 260 | |aOttawa - Ontario : |bOffice des normes générales du Canada |cOctobre 1993. |
| 300 | |aTexte français, 19p. ; |c28 cm. |
| 490 | 1 |aNorme nationale du Canada |x0226-4579 |vCAN/CGSB-72.11-93 |
| 500 | |aRemplace CAN/CGSB-72.11-M88. |
| 563 | |aCouverture souple |
| 590 | |a94-10|b1994-03-11 |
| 691 | 07|aMicrographie|2gcpds |
| 691 | 07|aProduit industriel|2gcpds |
| 776 | 0#|tMicrofilms et images électroniques - preuve documentaire |w(CaOODSP)9.845202 |
| 830 | #0|aNorme nationale du Canada,|x0226-4579 |vCAN/CGSB-72.11-93|w(CaOODSP)9.513188 |
| 986 | |aNorme nationale du Canada |